• 首页
  • 本馆介绍
  • 公告通知
  • 最新文献
  • 馆藏检索
  • 电子资源
  • 读者导购
  • 参考咨询
  • 我的图书馆
  • 登录
  • 详细信息显示
  • 放入我的书架
  • 预约/预借图书
  • 作者相关作品
  • 分类相关作品
  • 丛书相关作品
  • 出版社相关作品

书目信息

  • 表格格式
  • 工作单格式
  • 卡片格式
题名:
镜子之后
    
 
作者: 斯托弗 著 ;张亦舒 , 唐洋洋 译
分册:  
出版信息: 南京   江苏文艺出版社  2014
页数: 321页
开本: 24cm
丛书名:
单 册:
中图分类: K837.125.78=533
科图分类:
主题词:
电子资源:
ISBN: 978-7-5399-6771-4
000 01060nam0 2200289 450
001 337767
005 20150601084451.25
010    @a978-7-5399-6771-4@b精装@dCNY88.00
100    @a20140721d2014 em y0chiy50 ea
101 1  @achi@cfre
102    @aCN@b320000
105    @aa z 000yb
106    @ar
200 1  @a镜子之后@Ajing zi zhi hou@d= After the mirror@e玛丽莲·梦露@eMarilyn Monroe@f(瑞士) 奥利维耶·斯托弗著@zeng
210    @a南京@c江苏文艺出版社@d2014
215    @a321页@c照片@d24cm
314    @a版权页题:张亦舒、唐洋洋译
330    @a本书收集了好莱坞著名影星玛丽莲·梦露多张黑白或彩色的照片, 介绍了梦露真实的生活, 讲述了她戏剧般的人生。
510 1  @aAfter the mirror@eMarilyn Monroe@zeng
517 1  @a玛丽莲·梦露@Ama li lian · meng lu
600  0 @a梦露@c(Monroe, Marilyn@f1926-1962)@x传记
690    @aK837.125.78=533@v5
701  0 @c(瑞士)@a斯托弗@Asi tuo fu@4著
702  0 @a张亦舒@Azhang yi shu@c(法语)@4译
702  0 @a唐洋洋@Atang yang yang@4译
801  0 @aCN@b卓展宏图@c20150525
905    @dK837.125.78=533@e742ST@f5
    
    镜子之后= After the mirror:玛丽莲·梦露:Marilyn Monroe/(瑞士) 奥利维耶·斯托弗著.-南京:江苏文艺出版社,2014
    321页:照片;24cm
    
    
    ISBN 978-7-5399-6771-4(精装):CNY88.00
    本书收集了好莱坞著名影星玛丽莲·梦露多张黑白或彩色的照片, 介绍了梦露真实的生活, 讲述了她戏剧般的人生。
●
相关链接 在E读中查询图书 在五车中查询图书 在当当中查询图书 在豆瓣中查询图书


正题名:镜子之后     索取号:K837.125.78=533/742ST         预约/预借

序号 登录号 条形码 馆藏地/架位号 状态 备注
1 856027   208560270   第二样本阅览室/ [索取号:K837.125.78=533/742ST] 在馆    
2 856028   208560289   第二借阅区/ [索取号:K837.125.78=533/742ST] 在馆    
3 856029   208560298   第二借阅区/ [索取号:K837.125.78=533/742ST] 在馆    
4 856030   208560305   第二借阅区/ [索取号:K837.125.78=533/742ST] 在馆    
5 856031   208560314   第二借阅区/ [索取号:K837.125.78=533/742ST] 在馆    
唐山师范学院图书馆 欢迎您!
大连网信软件有限公司© 版权所有